000 00342nam a22001457a 4500
003 OSt
005 20160727222353.0
008 160622b xxu||||| |||| 00| 0 eng d
040 _ctest
100 _9460
_aSargeev, B,
245 _aPhysiology for Everyone
260 _aMoscow
_b Mir
_c1984
300 _aPhysiology for Everyone
942 _2ddc
_cBK
999 _c379
_d379